000 00324 a2200109 4500
000 nam a22 7a 4500
005 20260210190004.0
100 _aSahner, Robin; Trivedi, Kishor S.; Puliafito, Antonio
_91114957
245 _aPerformance and Reliability Analysis of Computer Systems
260 _bSpringer
942 _cTEXL
999 _c1679180
_d1679180